000
00295nam a2200109Ia 4500
008
220204s9999 xx 000 0 und d
082
_a
35(035)
_b
SUT
100
_a
Sutherland, J W
245
0
_a
Management handbook for public administration
260
_a
New York
_b
Van Nostrand
_c
1978
942
_c
BK
999
_c
33720
_d
33720